| 000 | 00567nam a2200253Ia 4500 | ||
|---|---|---|---|
| 008 | 181129s9999 xx 000 0 und d | ||
| 020 | _a9780545348362 | ||
| 050 | _bM643 2012 | ||
| 100 | _aMiles, Ellen | ||
| 245 | 0 | _aRocky / | |
| 245 | 0 | _cby Ellen Miles. | |
| 260 | _aNew York, NY : | ||
| 260 | _bScholastic, | ||
| 260 | _c2012 | ||
| 300 | _a83 pages : | ||
| 300 | _billustrations ; | ||
| 300 | _c19cm. | ||
| 440 | _aThe puppy place. | ||
| 650 | _aBulldog. | ||
| 650 | _aDog rescue. | ||
| 650 | _aDogs. | ||
| 700 | _aSeries. | ||
| 700 | _aTitle. | ||
| 999 |
_c360308 _d360308 |
||